Conta-me uma história, Pipo! (Registo nº 1598)

Detalhes MARC
000 -Etiqueta do registo
Cabeçalho 00968nam a22003251 4500
005 - Identificador da versão
Campo de controlo 20240813121911.0
095 ## -
-- PTBN00918506
010 ## - Número internacional normalizado dos livros (ISBN)
Número (ISBN) 9722617702
021 ## - Número do Depósito Legal
Código do país PT
035 ## - Other System Control Numbers
System Control Number 0006663
100 ## - Dados gerais de processamento
Dados gerais de processamento 20070628d2000 bc y0pory5003 ba
102 ## - Pais de publicação ou produção
País de publicação Portugal
101 1# - Língua de publicação
Língua do texto, banda sonora, etc. Português
Língua do documento no original Francês
106 ## - Campo de dados codificados: material textual
Dados codificados do material textual r
105 ## - Campo de dados codificados: livros
Dados codificados dos livros a z 000fy
215 ## - Descrição física 
Indicação específica da natureza do documento e extensão da espécie 25 p.
Outras indicações físicas muito il.
Dimensões 29 cm
200 1# - Titulo e menção de responsabilidade
Título próprio Conta-me uma história, Pipo!
Primeira menção de responsabilidade hist. original de Hana Primusová
Outras menções de responsabilidade il. Jeanine Rahir
-- trad. Maria Teresa Amaral
225 2# - Colecção 
Título próprio da colecção Contos do palhacinho
210 ## - Publicação, Distribuição, etc. 
Lugar da edição, distribuição, etc. Lisboa
Nome do editor, distribuidor, etc. Civilização
Data da publicação, distribuição, etc. imp. 2000
304 ## - Notas relativas a título e menção de responsabilidade 
Texto da nota Tít. orig.: Raconte-moi, Pipo!
606 ## - Nome comum usado como assunto
Número de registo de entrada de autoridade 0000001
Palavra de ordem Literatura estrangeira infantil
Subdivisão de assunto Conto
675 ## - Classificação Decimal Universal (CDU)
Notação 82-34
Edição
Língua da edição por
702 #1 - Nome de autor-pessoa física (responsabilidade secundária)
Número de registo de entrada de autoridade 0000005
Palavra de ordem Amaral
Outra parte do nome não tomada para palavra de ordem Maria Teresa
Código de função Tradutor
701 #1 - Nome de autor-pessoa física (co-responsabilidade principal)
Palavra de ordem Rahir
Outra parte do nome não tomada para palavra de ordem Jeanine
Código de função Ilustrador / Técnico de desenho computorizado
700 #1 - Nome de autor-pessoa física (responsabilidade principal)
Número de registo de entrada de autoridade 0000003
Palavra de ordem Primusová
Outra parte do nome não tomada para palavra de ordem Hana
942 ## - Elementos de entrada adicionados (Koha)
Tipo de item no Koha Livro
Exemplares
Situação do levantamento Origin of item (home branch) (coded) Biblioteca de empréstimo Código de barras Cota Circulation type (not for loan) Tipo de documento Nota do exemplar Damaged status
  Biblioteca Escolar da Coca Maravilhas Biblioteca Escolar da Coca Maravilhas BECM7662 8EST PRI   Livro Sem mensagem